000 00392nam a22001217a 4500
008 230626b xxu||||| |||| 00| 0 eng d
020 _a9987666329
082 _a337.11
_bEAC 2003
245 _aReport of the 2nd Summit Meeting of Heads of State for East African Co-operation
_bArusha, Tanzania
260 _aTanzania
_bEast African Community Secretaiat
_c2003
300 _a5p
942 _2ddc
_cBK
999 _c2699
_d2699